书目信息 |
| 题名: |
房屋构造
|
|
| 作者: | 韩慧娟 编 | |
| 分册: | ||
| 出版信息: | 北京 中国环境科学出版社 1995.01 |
|
| 页数: | 271页 | |
| 开本: | 16开 | |
| 丛书名: | ||
| 单 册: | ||
| 中图分类: | TU3-43 | |
| 科图分类: | ||
| 主题词: | 建筑结构 | |
| 电子资源: | ||
| ISBN: | 7-80135-357-9 | |
| 000 | 00529nam0 2200193 45 | |
| 001 | 0007191810 | |
| 005 | 20001209094403.4 | |
| 010 | @a7-80135-357-9@d21.00元 | |
| 100 | @a20000719d1995 km y0chiy0120 ea | |
| 101 | 0 | @achi |
| 105 | @a z 000yy | |
| 200 | 1 | @a房屋构造@AFang Wu Gou Zao@f韩慧娟编@FHan Hui Juan Bian |
| 210 | @a北京@c中国环境科学出版社@d1995.01 | |
| 215 | @a271页@d16开 | |
| 606 | 0 | @a建筑结构 |
| 690 | @aTU3-43@v3 | |
| 701 | 0 | @a韩慧娟@4编 |
| 801 | @aCN@bPftUser@c20000719 | |
| 905 | @dTU3-43@eH346@b300333-337@f5 | |
| 房屋构造/韩慧娟编.-北京:中国环境科学出版社,1995.01 |
| 271页;16开 |
| ISBN 7-80135-357-9:21.00元 |
| ● |
| 相关链接 |
|
|
|
正题名:房屋构造
索取号:TU3-43/H346
 
预约/预借
| 序号 | 登录号 | 条形码 | 馆藏地/架位号 | 状态 | 备注 |
| 1 | 300333 | 203003338 | 自科二线404/404自科库 27排2列1层/ [索取号:TU3-43/H346] | 在馆 | |
| 2 | 300334 | 203003347 | 自科二线404/404自科库 27排1列4层/ [索取号:TU3-43/H346] | 在馆 | |
| 3 | 300336 | 203003365 | 自科二线404/404自科库 27排2列1层/ [索取号:TU3-43/H346] | 在馆 | |
| 4 | 495686 | 204956869 | 自科二线404/ [索取号:TU3-43/H346] | 在馆 |